[Event "Gausdal Classics 2008 GM-B"]
[Site "Gausdal NOR"]
[Date "2008.04.12"]
[Round "5.10"]
[White "Welling, Gerard"]
[Black "Djurhuus, Rune"]
[Result "0-1"]
[WhiteElo "2378"]
[BlackElo "2459"]
[PlyCount "50"]
[EventDate "2008.04.08"]
[EventType "swiss"]
[EventRounds "9"]
[EventCountry "NOR"]
[Source "lmi"]
[SourceDate "2008.04.08"]

1. b3 c5 2. c4 d5 3. cxd5 Nf6 4. Nc3 Nxd5 5. Bb2 Nc6 6. Nf3 e5 7. e3 Nc7 8. Rc1
b6 9. Qc2 f6 10. a3 Bd7 11. Bd3 g6 12. h4 Bg7 13. h5 f5 14. g4 Rf8 15. hxg6
hxg6 16. Rh7 Qf6 17. gxf5 gxf5 18. Nh4 Ne7 19. f4 Rh8 20. Rxh8+ Bxh8 21. Nf3 e4
22. Nd5 Qg6 23. Nxc7+ Kd8 24. Ng5 exd3 25. Qxd3 Kxc7 0-1

[Event "Gausdal Classics 2008 GM-B"]
[Site "Gausdal NOR"]
[Date "2008.04.12"]
[Round "5.12"]
[White "Grotnes, Nils Ragnar"]
[Black "Elsness, Frode"]
[Result "1/2-1/2"]
[WhiteElo "2256"]
[BlackElo "2440"]
[PlyCount "39"]
[EventDate "2008.04.08"]
[EventType "swiss"]
[EventRounds "9"]
[EventCountry "NOR"]
[Source "lmi"]
[SourceDate "2008.04.08"]

1. d4 Nf6 2. c4 g6 3. Qc2 d5 4. cxd5 Nxd5 5. e4 Nb6 6. Nf3 Bg7 7. Be3 O-O 8.
Be2 f5 9. Qb3+ e6 10. Bg5 Qe8 11. Nc3 a5 12. a4 Nc6 13. Bb5 Bd7 14. Rd1 Nb4 15.
exf5 Rxf5 16. O-O Bxb5 17. Nxb5 N6d5 18. Rfe1 Qf7 19. Bh4 h6 20. Bg3 1/2-1/2

[Event "Gausdal Classics 2008 GM-B"]
[Site "Gausdal NOR"]
[Date "2008.04.12"]
[Round "5.13"]
[White "Westerinen, Heikki M.J"]
[Black "Kadziolka, Beata"]
[Result "1/2-1/2"]
[WhiteElo "2357"]
[BlackElo "2326"]
[PlyCount "68"]
[EventDate "2008.04.08"]
[EventType "swiss"]
[EventRounds "9"]
[EventCountry "NOR"]
[Source "lmi"]
[SourceDate "2008.04.08"]

1. e4 c5 2. Nf3 d6 3. d4 cxd4 4. Nxd4 Nf6 5. Nc3 a6 6. f4 e5 7. Nf3 Nbd7 8. a4
Be7 9. Bd3 O-O 10. O-O exf4 11. Kh1 Nc5 12. Bxf4 Bg4 13. Qd2 Bh5 14. Nd4 Bg6
15. Nf5 Bxf5 16. exf5 d5 17. Be5 Rc8 18. Rae1 Qd7 19. Bd4 Rfe8 20. Qg5 h6 21.
Qg3 Bd6 22. Qf3 Rxe1 23. Rxe1 Re8 24. Rxe8+ Qxe8 25. Qe2 Qd8 26. g3 Be7 27. Qe3
Ng4 28. Qf3 Nf6 29. b3 Nce4 30. Bxe4 dxe4 31. Qe3 Qd7 32. Nxe4 Qxf5 33. Nxf6+
Bxf6 34. Bxf6 Qf1+ 1/2-1/2

[Event "Gausdal Classics 2008 GM-B"]
[Site "Gausdal NOR"]
[Date "2008.04.12"]
[Round "5.15"]
[White "Andreasen, Per"]
[Black "Cox, John J"]
[Result "1/2-1/2"]
[WhiteElo "2242"]
[BlackElo "2380"]
[PlyCount "23"]
[EventDate "2008.04.08"]
[EventType "swiss"]
[EventRounds "9"]
[EventCountry "NOR"]
[Source "lmi"]
[SourceDate "2008.04.08"]

1. Nf3 c5 2. c4 Nc6 3. e3 e5 4. Nc3 Nf6 5. d4 cxd4 6. exd4 e4 7. Ne5 Bb4 8. Be2
O-O 9. O-O Qa5 10. c5 Nxe5 11. dxe5 Bxc3 12. bxc3 1/2-1/2

[Event "Gausdal Classics 2008 GM-B"]
[Site "Gausdal NOR"]
[Date "2008.04.12"]
[Round "5.16"]
[White "Groffen, Hans"]
[Black "Stokke, Kjetil"]
[Result "0-1"]
[WhiteElo "2220"]
[BlackElo "2375"]
[PlyCount "52"]
[EventDate "2008.04.08"]
[EventType "swiss"]
[EventRounds "9"]
[EventCountry "NOR"]
[Source "lmi"]
[SourceDate "2008.04.08"]

1. d4 g6 2. Nf3 Bg7 3. c4 d6 4. e4 Bg4 5. Be2 Nc6 6. Be3 e5 7. d5 Bxf3 8. Bxf3
Nd4 9. Nd2 c5 10. dxc6 bxc6 11. Bxd4 exd4 12. e5 Ne7 13. exd6 Qxd6 14. O-O d3
15. Re1 O-O 16. Ne4 Qd4 17. Nc3 Nf5 18. Bxc6 Rab8 19. Re4 Qc5 20. Bb5 a6 21.
Na4 Qc8 22. Qxd3 axb5 23. cxb5 Rd8 24. Qf1 Rd2 25. Rd1 Rxd1 26. Qxd1 Rxb5 0-1

[Event "Gausdal Classics 2008 GM-B"]
[Site "Gausdal NOR"]
[Date "2008.04.12"]
[Round "5.17"]
[White "Afek, Yochanan"]
[Black "Van Den Bersselaar, Jeroen"]
[Result "1/2-1/2"]
[WhiteElo "2333"]
[BlackElo "2177"]
[PlyCount "93"]
[EventDate "2008.04.08"]
[EventType "swiss"]
[EventRounds "9"]
[EventCountry "NOR"]
[Source "lmi"]
[SourceDate "2008.04.08"]

1. e4 e5 2. Nf3 Nc6 3. d4 exd4 4. Nxd4 Nf6 5. Nc3 Bb4 6. Nxc6 bxc6 7. Bd3 d5 8.
exd5 cxd5 9. O-O O-O 10. Bg5 c6 11. Ne2 h6 12. Bh4 Bd6 13. Nd4 c5 14. Nb5 Be7
15. c4 Bb7 16. Re1 a6 17. Nc3 d4 18. Bxf6 Bxf6 19. Ne4 Be7 20. Qh5 Qb6 21. Re2
Qc6 22. f3 Rfe8 23. Rae1 Bf8 24. Qf5 g6 25. Nf6+ Kh8 26. Qf4 Rxe2 27. Rxe2 Qd6
28. Re5 Rd8 29. h4 Kg7 30. Ng4 h5 31. Nh6 Qf6 32. Nf5+ Kh8 33. g4 hxg4 34. fxg4
Bg7 35. Re7 gxf5 36. Rxb7 Qxh4 37. Rb8 fxg4 38. Rxd8+ Qxd8 39. Qxf7 Qc8 40. Bf5
Qf8 41. Qg6 Kg8 42. Be6+ Kh8 43. Bxg4 Qf4 44. Qh5+ Bh6 45. Qe8+ Bf8 46. Qh5+
Bh6 47. Qe8+ 1/2-1/2

[Event "Gausdal Classics 2008 GM-B"]
[Site "Gausdal NOR"]
[Date "2008.04.12"]
[Round "5.18"]
[White "Unander, Matts"]
[Black "Forsaa, Espen"]
[Result "1/2-1/2"]
[WhiteElo "2132"]
[BlackElo "2312"]
[PlyCount "41"]
[EventDate "2008.04.08"]
[EventType "swiss"]
[EventRounds "9"]
[EventCountry "NOR"]
[Source "lmi"]
[SourceDate "2008.04.08"]

1. e4 c5 2. Nf3 d6 3. d4 cxd4 4. Nxd4 Nf6 5. Nc3 a6 6. Be3 e6 7. Be2 Qc7 8. a4
b6 9. f4 Bb7 10. Bf3 Nbd7 11. Qe2 Be7 12. O-O O-O 13. Rad1 Rfe8 14. Nb3 Bf8 15.
g4 Nc5 16. Nxc5 bxc5 17. g5 Nd7 18. Qf2 Bc6 19. Bg2 Qb7 20. Bc1 g6 21. Qg3
1/2-1/2

[Event "Gausdal Classics 2008 GM-B"]
[Site "Gausdal NOR"]
[Date "2008.04.12"]
[Round "5.19"]
[White "Lindberg, Bengt"]
[Black "Naslund, Mikael"]
[Result "1-0"]
[WhiteElo "2442"]
[BlackElo "2228"]
[PlyCount "51"]
[EventDate "2008.04.08"]
[EventType "swiss"]
[EventRounds "9"]
[EventCountry "NOR"]
[Source "lmi"]
[SourceDate "2008.04.08"]

1. e4 e6 2. d4 d5 3. Nc3 Bb4 4. e5 c5 5. a3 Ba5 6. b4 cxd4 7. Nb5 Bc7 8. f4 f6
9. Bd3 g6 10. Nf3 Nc6 11. O-O a6 12. Nxc7+ Qxc7 13. Kh1 f5 14. Bd2 Bd7 15. a4
Qb6 16. b5 Na5 17. Rb1 Nc4 18. bxa6 Qxa6 19. Nxd4 Qa7 20. Bxc4 Qxd4 21. Bb5
Bxb5 22. Rxb5 Nh6 23. Bb4 Qxd1 24. Rxd1 O-O-O 25. Bd6 Nf7 26. Rc5+ 1-0

[Event "Gausdal Classics 2008 GM-B"]
[Site "Gausdal NOR"]
[Date "2008.04.12"]
[Round "5.20"]
[White "Eriksen, Terje"]
[Black "Tolhuizen, Ludo"]
[Result "0-1"]
[WhiteElo "2170"]
[BlackElo "2248"]
[PlyCount "140"]
[EventDate "2008.04.08"]
[EventType "swiss"]
[EventRounds "9"]
[EventCountry "NOR"]
[Source "lmi"]
[SourceDate "2008.04.08"]

1. Nf3 g6 2. e4 Bg7 3. d4 d6 4. c4 Nd7 5. Nc3 e5 6. Be2 c6 7. O-O Nh6 8. Bg5 f6
9. Bd2 O-O 10. Qc1 Nf7 11. b4 Qe7 12. d5 c5 13. Nb5 Nb8 14. Ne1 f5 15. f3 b6
16. Nd3 f4 17. a4 a6 18. Na3 cxb4 19. Bxb4 a5 20. Bd2 g5 21. Rb1 Nd7 22. Rb2
Ba6 23. Be1 h5 24. h3 Nh6 25. Bf2 g4 26. Nb5 g3 27. Be1 Nf6 28. c5 bxc5 29.
Bxa5 Rfc8 30. Bc3 Nf7 31. Re1 Ng5 32. Bf1 Nd7 33. Rc2 Nf8 34. Nb2 Ng6 35. Nc4
Bxb5 36. axb5 Rab8 37. Na5 Qd7 38. Nc6 Ra8 39. Ba5 Nh4 40. Qd1 c4 41. Rxc4 Qb7
42. Qe2 Rf8 43. Ra4 Rf6 44. Nd8 Qb8 45. Nc6 Qb7 46. Ra2 Rg6 47. Qd3 Ngxf3+ 48.
gxf3 g2 49. Bxg2 Rg3 50. Rf1 Qd7 51. Rff2 Qxh3 52. b6 Nxg2 53. Rxg2 Rxf3 54. b7
Rf8 55. Qxf3 Qxf3 56. b8=Q Rxb8 57. Nxb8 Qd1+ 58. Kh2 f3 59. Rgd2 Qb1 60. Rab2
Qxe4 61. Nc6 Qf4+ 62. Kg1 e4 63. Rb8+ Kh7 64. Rb7 e3 65. Rdb2 f2+ 66. Kf1 Qf3
67. Rxg7+ Kxg7 68. Bc3+ Kh6 69. Bg7+ Kxg7 70. Rb7+ Kh6 0-1

[Event "Gausdal Classics 2008 GM-B"]
[Site "Gausdal NOR"]
[Date "2008.04.12"]
[Round "5.21"]
[White "Bentsen, Oyvind"]
[Black "Royset, Paal"]
[Result "0-1"]
[WhiteElo "2115"]
[BlackElo "2204"]
[PlyCount "82"]
[EventDate "2008.04.08"]
[EventType "swiss"]
[EventRounds "9"]
[EventCountry "NOR"]
[Source "lmi"]
[SourceDate "2008.04.08"]

1. e4 Nc6 2. Nf3 e5 3. Bc4 Be7 4. d4 d6 5. Nc3 Nf6 6. h3 O-O 7. d5 Nb8 8. Be3
c6 9. a3 b5 10. Ba2 Bb7 11. Qd3 Nbd7 12. Nh4 a5 13. Nf5 b4 14. dxc6 Bxc6 15.
Nd5 Bxd5 16. exd5 Re8 17. O-O Qb8 18. Bg5 Bf8 19. Rfe1 Nc5 20. Qf3 Nfd7 21. Qg4
Kh8 22. Re3 g6 23. Nh6 f6 24. Rf3 fxg5 25. Nf7+ Kg8 26. Nxg5 e4 27. Rf4 Ne5 28.
Qh4 Ra7 29. Nxe4 Nxe4 30. Rxe4 bxa3 31. b3 Rg7 32. Rae1 g5 33. Qh5 Rc8 34. c4
Qc7 35. Bb1 Rb8 36. R1e3 a4 37. Bc2 a2 38. Qd1 axb3 39. Bxb3 Qa5 40. Qa1 Ra7
41. Re2 Rxb3 0-1

[Event "Gausdal Classics 2008 GM-B"]
[Site "Gausdal NOR"]
[Date "2008.04.12"]
[Round "5.22"]
[White "Soderberg, Per"]
[Black "Mader, Manuela"]
[Result "1-0"]
[WhiteElo "2195"]
[BlackElo "2161"]
[PlyCount "53"]
[EventDate "2008.04.08"]
[EventType "swiss"]
[EventRounds "9"]
[EventCountry "NOR"]
[Source "lmi"]
[SourceDate "2008.04.08"]

1. e4 c6 2. d4 d5 3. exd5 cxd5 4. c4 Nf6 5. Nc3 Nc6 6. Nf3 Bg4 7. cxd5 Nxd5 8.
Qb3 Bxf3 9. gxf3 Nb6 10. Be3 e6 11. Rd1 Be7 12. d5 exd5 13. Nxd5 Nxd5 14. Rxd5
Qc7 15. Bb5 O-O 16. O-O Rad8 17. Rc1 Bd6 18. Rh5 Qa5 19. Rh4 Nb4 20. Be2 Qe5
21. Bc4 Qf6 22. Rg4 Qe7 23. Bg5 Qe5 24. Bf4 Qe7 25. Qc3 g6 26. Bg5 Qd7 27. Bh6
1-0

[Event "Gausdal Classics 2008 GM-B"]
[Site "Gausdal NOR"]
[Date "2008.04.12"]
[Round "5.23"]
[White "Arvola, Benjamin"]
[Black "Kovachev, Daniel Jakobsen"]
[Result "0-1"]
[WhiteElo "2084"]
[BlackElo "2189"]
[PlyCount "70"]
[EventDate "2008.04.08"]
[EventType "swiss"]
[EventRounds "9"]
[EventCountry "NOR"]
[Source "lmi"]
[SourceDate "2008.04.08"]

1. d4 Nf6 2. c4 e6 3. Nc3 Bb4 4. Qc2 O-O 5. Nf3 c5 6. dxc5 Na6 7. e3 Nxc5 8. a3
Bxc3+ 9. Qxc3 b6 10. Be2 Ba6 11. b4 Nce4 12. Qd4 Rc8 13. O-O d6 14. b5 Bb7 15.
Bb2 Qe7 16. Nd2 e5 17. Qd3 Nxd2 18. Qxd2 Ne4 19. Qe1 f5 20. Rd1 Rf6 21. f3 Nc5
22. Qh4 Qf8 23. Rfe1 Rh6 24. Qg3 Re8 25. Bf1 Ree6 26. Rd2 Qe8 27. Qf2 Qh5 28.
h3 g5 29. Qe2 Qf7 30. Red1 Reg6 31. f4 gxf4 32. exf4 exf4 33. Rxd6 Rxd6 34.
Rxd6 Rxd6 35. Qe5 Qg6 0-1

[Event "Gausdal Classics 2008 GM-B"]
[Site "Gausdal NOR"]
[Date "2008.04.12"]
[Round "5.24"]
[White "Bentsen, Hakon"]
[Black "Tjolsen, Katrine"]
[Result "1/2-1/2"]
[WhiteElo "2180"]
[BlackElo "2066"]
[PlyCount "65"]
[EventDate "2008.04.08"]
[EventType "swiss"]
[EventRounds "9"]
[EventCountry "NOR"]
[Source "lmi"]
[SourceDate "2008.04.08"]

1. e4 c5 2. Nf3 Nc6 3. d4 cxd4 4. Nxd4 g6 5. c4 Bg7 6. Be3 Nf6 7. Nc3 O-O 8.
Be2 d6 9. O-O Bd7 10. Qd2 Nxd4 11. Bxd4 Bc6 12. f3 a5 13. Rac1 a4 14. Rfd1 Nd7
15. Bf2 Nc5 16. Nd5 Re8 17. Qc2 Qb8 18. Nb4 Qc7 19. Rb1 Ne6 20. Rd2 Bh6 21.
Rdd1 Rec8 22. Qc3 Qd8 23. Qe1 Qa5 24. Bf1 Bg7 25. Nd5 Bxd5 26. exd5 Qxe1 27.
Rxe1 Nc5 28. Rxe7 Kf8 29. Ree1 Na6 30. a3 Nc5 31. Bxc5 Rxc5 32. Bd3 Rc7 33. b3
1/2-1/2

[Event "Gausdal Classics 2008 GM-B"]
[Site "Gausdal NOR"]
[Date "2008.04.12"]
[Round "5.27"]
[White "Quinn, John M"]
[Black "Ofstad, Per"]
[Result "0-1"]
[WhiteElo "2157"]
[BlackElo "2155"]
[PlyCount "118"]
[EventDate "2008.04.08"]
[EventType "swiss"]
[EventRounds "9"]
[EventCountry "NOR"]
[Source "lmi"]
[SourceDate "2008.04.08"]

1. d4 e6 2. e4 d5 3. Nc3 dxe4 4. Nxe4 Bd7 5. Nf3 Bc6 6. Bd3 Nf6 7. Qe2 Nxe4 8.
Bxe4 Bxe4 9. Qxe4 c6 10. O-O Qd5 11. Qd3 Nd7 12. Re1 Qh5 13. Qb3 O-O-O 14. Bf4
h6 15. Bg3 Qa5 16. Qe3 g5 17. a3 Bg7 18. b4 Qd5 19. Qd3 Nb6 20. Ne5 f5 21. c4
Qxd4 22. Qxd4 Rxd4 23. c5 Nd5 24. f3 Nc7 25. Nf7 f4 26. Bf2 Rf8 27. Nd6+ Rxd6
28. cxd6 Bxa1 29. dxc7 Bb2 30. Bc5 Re8 31. Bd6 e5 32. Rd1 Bd4+ 33. Kf1 b6 34.
h3 Kd7 35. Bxe5 Rxe5 36. Rxd4+ Kxc7 37. h4 a5 38. Kf2 axb4 39. axb4 c5 40. bxc5
bxc5 41. Ra4 Kb6 42. hxg5 hxg5 43. g3 fxg3+ 44. Kxg3 Kb5 45. Ra8 c4 46. Rb8+
Ka4 47. Rc8 Kb3 48. Rb8+ Kc2 49. Rc8 c3 50. f4 gxf4+ 51. Kxf4 Re7 52. Kf3 Kd2
53. Rd8+ Kc1 54. Rc8 c2 55. Rb8 Re5 56. Rb7 Kd2 57. Rd7+ Kc3 58. Rc7+ Kb3 59.
Kf2 Re4 0-1

[Event "Gausdal Classics 2008 GM-B"]
[Site "Gausdal NOR"]
[Date "2008.04.12"]
[Round "5.28"]
[White "Saevareid, Ove"]
[Black "Tofte, Sondre Waage"]
[Result "0-1"]
[WhiteElo "2162"]
[BlackElo "2131"]
[PlyCount "76"]
[EventDate "2008.04.08"]
[EventType "swiss"]
[EventRounds "9"]
[EventCountry "NOR"]
[Source "lmi"]
[SourceDate "2008.04.08"]

1. c4 e5 2. g3 Nf6 3. Bg2 d5 4. cxd5 Nxd5 5. Nf3 Nc6 6. O-O Be7 7. d4 e4 8. Ne5
f5 9. Nxc6 bxc6 10. Nc3 O-O 11. Nxd5 cxd5 12. Qc2 Ba6 13. f3 Bf6 14. Be3 c5 15.
dxc5 Rb8 16. Rab1 d4 17. Rfd1 d3 18. exd3 Bxd3 19. Rxd3 Qxd3 20. Qxd3 exd3 21.
b4 Bc3 22. b5 d2 23. b6 axb6 24. cxb6 Rfd8 25. Rd1 Bd4 26. Kf2 Rxb6 27. f4 Rb2
28. a4 Kf8 29. Bxd4 Rxd4 30. Bc6 Rc4 31. Bb5 Rc1 32. Be2 Ke7 33. Ke3 Rxd1 34.
Bxd1 Kd6 35. a5 Ra2 36. Be2 Kd5 37. a6 Rxa6 38. Kxd2 Ra3 0-1

[Event "Gausdal Classics 2008 GM-B"]
[Site "Gausdal NOR"]
[Date "2008.04.12"]
[Round "5.29"]
[White "Hansen, Pal Andreas"]
[Black "Olsson, Lars"]
[Result "1/2-1/2"]
[WhiteElo "2095"]
[BlackElo "2067"]
[PlyCount "61"]
[EventDate "2008.04.08"]
[EventType "swiss"]
[EventRounds "9"]
[EventCountry "NOR"]
[Source "lmi"]
[SourceDate "2008.04.08"]

1. e4 c5 2. Nf3 e6 3. d4 cxd4 4. Nxd4 Nf6 5. Nc3 h5 6. e5 Ng4 7. Ndb5 Nxe5 8.
Nd6+ Bxd6 9. Qxd6 f6 10. Nb5 Na6 11. Qa3 Qe7 12. Nd6+ Kf8 13. Bxa6 bxa6 14. Be3
Kg8 15. O-O-O Qd8 16. h3 Nf7 17. Rd3 Nxd6 18. Qxd6 Qf8 19. Rhd1 Qxd6 20. Rxd6
h4 21. f3 Rh5 22. R1d4 Kf7 23. b3 Ke7 24. Rd2 Re5 25. Bf2 g5 26. Kd1 Kf7 27. c4
a5 28. Bd4 Rf5 29. a4 Rb8 30. Kc2 Rb7 31. Bc3 1/2-1/2

[Event "Gausdal Classics 2008 GM-B"]
[Site "Gausdal NOR"]
[Date "2008.04.13"]
[Round "6.2"]
[White "Sundararajan, Kidambi"]
[Black "Leniart, Arkadiusz"]
[Result "1-0"]
[WhiteElo "2441"]
[BlackElo "2324"]
[PlyCount "58"]
[EventDate "2008.04.08"]
[EventType "swiss"]
[EventRounds "9"]
[EventCountry "NOR"]
[Source "lmi"]
[SourceDate "2008.04.08"]

1. d4 Nf6 2. c4 e6 3. g3 d5 4. Nf3 Nbd7 5. Bg2 dxc4 6. O-O c5 7. Na3 Nb6 8.
Nxc4 Nxc4 9. Qa4+ Bd7 10. Qxc4 b5 11. Qc2 Rc8 12. Bg5 cxd4 13. Qd3 h6 14. Bxf6
Qxf6 15. Nxd4 Bc5 16. Nxb5 Qxb2 17. Nd6+ Bxd6 18. Qxd6 Qb6 19. Qd2 Ke7 20. Rab1
Qc5 21. Rfc1 Qa3 22. Rd1 Rc7 23. Rb4 Rhc8 24. Bb7 Rd8 25. Qd6+ Ke8 26. Qxc7
Qxb4 27. Bc6 Qe7 28. Rxd7 Rxd7 29. Qc8+ Qd8 1-0

[Event "Gausdal Classics 2008 GM-B"]
[Site "Gausdal NOR"]
[Date "2008.04.13"]
[Round "6.5"]
[White "Vidonyak, Roman"]
[Black "Hammer, Jon Ludvig"]
[Result "0-1"]
[WhiteElo "2400"]
[BlackElo "2457"]
[PlyCount "81"]
[EventDate "2008.04.08"]
[EventType "swiss"]
[EventRounds "9"]
[EventCountry "NOR"]
[Source "lmi"]
[SourceDate "2008.04.08"]

1. Nf3 Nf6 2. c4 b6 3. g3 Bb7 4. Bg2 g6 5. d3 Bg7 6. O-O O-O 7. e4 c5 8. Bd2
Nc6 9. Bc3 d6 10. Nbd2 Nh5 11. Bxg7 Nxg7 12. Nb1 e5 13. Nc3 Ne6 14. Rb1 f5 15.
exf5 gxf5 16. Nh4 Nf4 17. Nxf5 Rxf5 18. gxf4 Rxf4 19. Nd5 Rh4 20. f4 Kh8 21.
Qe1 exf4 22. Rxf4 Rxf4 23. Nxf4 Qf6 24. Qc3 Nd4 25. Bxb7 Rg8+ 26. Kh1 Qxf4 27.
Re1 Qf2 28. Bd5 Rg5 29. Re8+ Kg7 30. Rg8+ Kh6 31. Rxg5 Kxg5 32. Qc1+ Kg4 33.
Bg2 Nf3 34. Qd1 h5 35. Qf1 Qe3 36. a3 h4 37. Bh3+ Kf4 38. Kg2 Qd2+ 39. Qf2
Qxf2+ 40. Kxf2 Nxh2 41. Bf1 0-1

[Event "Gausdal Classics 2008 GM-B"]
[Site "Gausdal NOR"]
[Date "2008.04.13"]
[Round "6.6"]
[White "Berelovich, Aleksandar"]
[Black "Lie, Espen"]
[Result "1/2-1/2"]
[WhiteElo "2595"]
[BlackElo "2440"]
[PlyCount "102"]
[EventDate "2008.04.08"]
[EventType "swiss"]
[EventRounds "9"]
[EventCountry "NOR"]
[Source "lmi"]
[SourceDate "2008.04.08"]

1. e4 c5 2. Nf3 g6 3. d4 cxd4 4. Nxd4 Bg7 5. Nc3 Nc6 6. Be3 Nf6 7. Bc4 O-O 8.
Bb3 a5 9. f3 d5 10. Bxd5 Nxd5 11. Nxd5 f5 12. Nxc6 bxc6 13. Nb6 Rb8 14. Qxd8
Rxd8 15. Rd1 Rxd1+ 16. Kxd1 fxe4 17. Nxc8 Rxc8 18. b3 exf3 19. gxf3 a4 20. Ke2
Ra8 21. b4 Bc3 22. Bd2 Bxd2 23. Kxd2 Kf7 24. c4 Ke6 25. Ke3 Rd8 26. Rb1 Rd7 27.
a3 Kf6 28. Ke4 Ke6 29. h4 Rd2 30. b5 cxb5 31. cxb5 Rd7 32. f4 Rc7 33. Kd4 Kd6
34. Rb2 Rc8 35. Rb4 Rb8 36. Kc3 Rb7 37. Kc4 Rc7+ 38. Kd4 Rb7 39. Rb1 Rc7 40.
Rb2 Rc8 41. b6 Rb8 42. Rb4 Kc6 43. Rxa4 Rxb6 44. Ke5 Rb5+ 45. Ke6 Rh5 46. Rc4+
Kb5 47. Re4 Rxh4 48. Kxe7 Kc6 49. Ke6 Rh5 50. Kf6 Rf5+ 51. Kg7 g5 1/2-1/2

[Event "Gausdal Classics 2008 GM-B"]
[Site "Gausdal NOR"]
[Date "2008.04.13"]
[Round "6.8"]
[White "Saltaev, Mihail"]
[Black "Stokke, Kjetil"]
[Result "1-0"]
[WhiteElo "2500"]
[BlackElo "2375"]
[PlyCount "87"]
[EventDate "2008.04.08"]
[EventType "swiss"]
[EventRounds "9"]
[EventCountry "NOR"]
[Source "lmi"]
[SourceDate "2008.04.08"]

1. e4 c5 2. Nf3 g6 3. d4 Bg7 4. Nc3 Qa5 5. Be2 Nf6 6. O-O cxd4 7. Nxd4 Nc6 8.
Nb3 Qc7 9. Re1 O-O 10. Bf1 e6 11. Nb5 Qb8 12. Nd6 Ne8 13. Nxc8 Qxc8 14. f4 d6
15. c3 Qc7 16. Kh1 Nf6 17. Qf3 Rad8 18. Be3 e5 19. f5 d5 20. Nc5 Ne7 21. fxg6
hxg6 22. exd5 Nexd5 23. Bg1 b6 24. Na6 Qd6 25. c4 e4 26. Qd1 Nf4 27. Qxd6 Rxd6
28. c5 Re6 29. Bc4 Re5 30. Bd4 Ng4 31. h3 Rh5 32. Rxe4 Rd8 33. Bxf7+ Kh7 34.
Rxf4 Rxd4 35. Rxd4 Bxd4 36. c6 Nf2+ 37. Kh2 Ng4+ 38. Kg3 Rf5 39. Kxg4 Rxf7 40.
Rd1 Bg7 41. c7 Be5 42. c8=Q Rf4+ 43. Kg5 Rf5+ 44. Qxf5 1-0

[Event "Gausdal Classics 2008 GM-B"]
[Site "Gausdal NOR"]
[Date "2008.04.13"]
[Round "6.9"]
[White "Womacka, Mathias"]
[Black "Grotnes, Nils Ragnar"]
[Result "1-0"]
[WhiteElo "2445"]
[BlackElo "2256"]
[PlyCount "103"]
[EventDate "2008.04.08"]
[EventType "swiss"]
[EventRounds "9"]
[EventCountry "NOR"]
[Source "lmi"]
[SourceDate "2008.04.08"]

1. e4 e5 2. Nf3 Nc6 3. Bb5 a6 4. Bxc6 dxc6 5. O-O Bg4 6. h3 h5 7. d3 Qf6 8.
Nbd2 Ne7 9. Re1 Ng6 10. d4 Bd6 11. hxg4 hxg4 12. Nh2 Rxh2 13. Qxg4 Rh4 14. Qf5
Rf4 15. Qxf6 Rxf6 16. Nb3 Re6 17. f3 f6 18. Be3 b6 19. Kf2 O-O-O 20. Rh1 Re7
21. Rh7 Red7 22. Rah1 Bf8 23. c3 a5 24. a4 Kb7 25. g3 Bd6 26. Nd2 exd4 27. cxd4
c5 28. d5 Ne5 29. b3 c6 30. dxc6+ Kxc6 31. Ke2 Bf8 32. Rc1 b5 33. axb5+ Kxb5
34. Rc2 Nc6 35. Rh1 Rxd2+ 36. Rxd2 Nd4+ 37. Bxd4 cxd4 38. Rh5+ Kb4 39. Kd3 g5
40. Ra2 Ra8 41. Rhh2 Bd6 42. Rhb2 Kb5 43. Rc2 Bxg3 44. Rc4 Rh8 45. Rxd4 Bc7 46.
Rc2 Rh7 47. Rcc4 Kb6 48. b4 a4 49. b5 Be5 50. Rd5 a3 51. Rc6+ Ka5 52. Kc4 1-0

[Event "Gausdal Classics 2008 GM-B"]
[Site "Gausdal NOR"]
[Date "2008.04.13"]
[Round "6.11"]
[White "Kadziolka, Beata"]
[Black "Pruess, David"]
[Result "0-1"]
[WhiteElo "2326"]
[BlackElo "2425"]
[PlyCount "46"]
[EventDate "2008.04.08"]
[EventType "swiss"]
[EventRounds "9"]
[EventCountry "NOR"]
[Source "lmi"]
[SourceDate "2008.04.08"]

1. e4 c5 2. Nf3 d6 3. d4 Nf6 4. Nc3 cxd4 5. Nxd4 a6 6. Bg5 e6 7. f4 Nbd7 8. Qf3
Qc7 9. g4 b5 10. Bxf6 gxf6 11. O-O-O b4 12. Nd5 exd5 13. exd5 Bb7 14. Re1+ Kd8
15. Qe4 Qc5 16. Bg2 Kc7 17. Rd1 Bh6 18. Nf5 Rhe8 19. Qf3 Bf8 20. h4 a5 21. Kb1
Nb6 22. g5 Rac8 23. gxf6 Kb8 0-1

[Event "Gausdal Classics 2008 GM-B"]
[Site "Gausdal NOR"]
[Date "2008.04.13"]
[Round "6.12"]
[White "Andersen, Mads"]
[Black "Flumbort, Andras"]
[Result "1/2-1/2"]
[WhiteElo "2020"]
[BlackElo "2499"]
[PlyCount "61"]
[EventDate "2008.04.08"]
[EventType "swiss"]
[EventRounds "9"]
[EventCountry "NOR"]
[Source "lmi"]
[SourceDate "2008.04.08"]

1. e4 c5 2. Nf3 d6 3. d4 cxd4 4. Nxd4 Nf6 5. Nc3 a6 6. Be2 e5 7. Nb3 Be7 8. Be3
O-O 9. g4 Be6 10. g5 Nfd7 11. Qd2 Nb6 12. O-O-O N8d7 13. h4 a5 14. Kb1 a4 15.
Nc1 Rc8 16. a3 f5 17. Nd5 Bxd5 18. exd5 Nc4 19. Bxc4 Rxc4 20. f4 exf4 21. Bd4
f3 22. Rhf1 Nc5 23. Rxf3 Ne4 24. Qd3 b5 25. Rdf1 Qd7 26. Ne2 b4 27. Ng3 Nxg3
28. Rxg3 Qc8 29. b3 Rc7 30. axb4 Qb7 31. Rxf5 1/2-1/2

[Event "Gausdal Classics 2008 GM-B"]
[Site "Gausdal NOR"]
[Date "2008.04.13"]
[Round "6.14"]
[White "Peek, Marcel"]
[Black "Andreasen, Per"]
[Result "1/2-1/2"]
[WhiteElo "2389"]
[BlackElo "2242"]
[PlyCount "38"]
[EventDate "2008.04.08"]
[EventType "swiss"]
[EventRounds "9"]
[EventCountry "NOR"]
[Source "lmi"]
[SourceDate "2008.04.08"]

1. d4 g6 2. Nf3 Bg7 3. e4 d6 4. c4 e5 5. Be2 exd4 6. Nxd4 Nc6 7. Be3 Nge7 8.
Nc3 O-O 9. Qd2 f5 10. exf5 Bxd4 11. Bxd4 Nxf5 12. Be3 Nxe3 13. Qxe3 Qf6 14. Rd1
Bg4 15. Ne4 Qe6 16. Bxg4 Qxg4 17. O-O Ne5 18. b3 Rf3 19. Qe2 Raf8 1/2-1/2

[Event "Gausdal Classics 2008 GM-B"]
[Site "Gausdal NOR"]
[Date "2008.04.13"]
[Round "6.15"]
[White "Cox, John J"]
[Black "Soderberg, Per"]
[Result "1-0"]
[WhiteElo "2380"]
[BlackElo "2195"]
[PlyCount "79"]
[EventDate "2008.04.08"]
[EventType "swiss"]
[EventRounds "9"]
[EventCountry "NOR"]
[Source "lmi"]
[SourceDate "2008.04.08"]

1. Nf3 Nf6 2. c4 e6 3. g3 c5 4. Bg2 Nc6 5. O-O Be7 6. b3 O-O 7. e3 d5 8. Qe2 b6
9. Bb2 Ba6 10. d3 Rc8 11. Nc3 Re8 12. Rfd1 Qc7 13. Rac1 Qb8 14. cxd5 exd5 15.
a4 Na5 16. Qc2 Qd6 17. Bh3 Ra8 18. Nb5 Bxb5 19. axb5 a6 20. Be5 Qd8 21. b4 Nb7
22. bxc5 bxc5 23. Qb3 Qb6 24. Rb1 c4 25. dxc4 Na5 26. Qa4 Nxc4 27. Bd4 Bc5 28.
bxa6 Qd6 29. Ra1 Ne4 30. Qd7 Qh6 31. a7 Nb6 32. Qg4 Bxd4 33. Nxd4 Nc4 34. Nf5
Qf6 35. Ra6 Re6 36. Rb1 h6 37. Rb8+ Kh7 38. Rxe6 fxe6 39. Rxa8 Nxf2 40. Qxg7+
1-0